000 00457nam a2200181Ia 4500
001 16114
005 20260306170246.0
008 260306t2007||||xx |||||||||||||| ||und||
041 _aESP
082 _a346.61
_bI47
100 _aDe la Puente y Lavalle, Manuel
_eAUT
245 0 _aIncumplimiento contractual y tutela del acreedor
260 _c2007
300 _a317 páginas :
_c24 cm.
650 _aGEN
654 _aCDE
942 _cLIB
_dJUS
_fJUS
_2ddc
_n
999 _c16114
_d16114